| 000 | 00792nam a2200253Ia 4500 | ||
|---|---|---|---|
| 003 | OSt | ||
| 005 | 20250715184121.0 | ||
| 008 | 210423s2006 xx 000 0 und d | ||
| 020 | _a9780521719148 | ||
| 040 | _cAL | ||
| 041 | _aEnglish | ||
| 082 |
_a070.41 _bBUTB |
||
| 100 |
_aJudith Butcher _987248 |
||
| 245 |
_aButchers copy editing _b: Cambridge handbook for editor copy editors and proofreaders |
||
| 260 |
_aNew Delhi _bCambridge University Press _c2006 |
||
| 300 |
_axiv,543p. _bPB _c23x15.5cm. |
||
| 365 |
_b495 _cINR |
||
| 650 |
_aEditing _987249 |
||
| 650 |
_aJournalism _987250 |
||
| 700 |
_aDrake, Caroline _9218858 |
||
| 700 |
_aLeach, Maureen _9218859 |
||
| 906 | _aButchers ; Cambridge ; copy ; editing: ; editor ; editors ; handbook ; proofreaders | ||
| 942 |
_2ddc _cBK |
||
| 999 |
_c157287 _d157287 |
||